|
|
|
|
| LEADER |
02067cas a2200505 a 4500 |
| 001 |
c000186080 |
| 003 |
CARM |
| 005 |
20050915154320.0 |
| 008 |
740412c19549999enktrzp o 0 a0eng d |
| 010 |
|
|
|a 58026495
|
| 019 |
1 |
|
|a 925000
|
| 022 |
|
|
|a 0006-3657
|
| 030 |
|
|
|a BISTAC
|
| 040 |
|
|
|a OAU
|b eng
|c OAU
|d CU-UC
|d NIC
|d CtY
|d InU
|d OCoLC
|d AIP
|d NSDP
|d OCoLC
|d NST
|d DLC
|d WaU
|d LC
|
| 042 |
|
|
|a nsdp
|a lc
|
| 050 |
0 |
0 |
|a QL671
|b .B828
|
| 082 |
0 |
0 |
|a 598.205
|2 20
|
| 210 |
0 |
|
|a Bird study
|
| 222 |
|
0 |
|a Bird study
|
| 245 |
0 |
0 |
|a Bird study :
|b the journal of the British Trust for Ornithology.
|
| 260 |
|
|
|a Oxford :
|b The Trust,
|c [1954-.
|
| 300 |
|
|
|a v. :
|b ill. ;
|c 22-25 cm.
|
| 310 |
|
|
|a 3 issues yearly,
|b 1981-
|
| 321 |
|
|
|a Quarterly,
|b 1954-1980
|
| 362 |
0 |
|
|a Vol. 1, no. 1 (Mar. 1954)-
|
| 500 |
|
|
|a Title from cover.
|
| 500 |
|
|
|a Published: Oxford : Blackwell Scientific Publications, 1985-1995.
|
| 510 |
2 |
|
|a Biological abstracts
|x 0006-3169
|
| 510 |
2 |
|
|a Life sciences collection
|
| 510 |
2 |
|
|a Reference sources
|x 0163-3546
|
| 525 |
|
|
|a Supplements accompany some volumes.
|
| 530 |
|
|
|a Also available via the Internet.
|
| 650 |
|
0 |
|a Ornithology
|v Periodicals.
|
| 650 |
|
0 |
|a Birds
|v Periodicals.
|
| 710 |
2 |
|
|a British Trust for Ornithology.
|
| 780 |
0 |
5 |
|t Bird migration
|x 0523-6894
|w (OCoLC)3900566
|g 1964
|
| 852 |
8 |
|
|b CARM
|h A2:AL25A0
|i B05656
|p 0259090
|f SE
|
| 852 |
8 |
|
|b CARM
|h A2:AL01B0
|i B05688
|p 0259092
|f SE
|
| 852 |
8 |
|
|b CARM
|h A2:AL13B0
|i B05673
|p 0259354
|f SE
|
| 866 |
|
0 |
|a 1(1954)-24(1977) Inc.
|
| 866 |
|
0 |
|a 1(1954)-24(1977) Inc.
|
| 999 |
f |
f |
|i b2fec80a-bd38-5c19-83db-2fa368cdc6ec
|s 938f76dc-8209-5c2b-b830-58005b368579
|
| 952 |
f |
f |
|p Can circulate
|a CAVAL
|b CAVAL
|c CAVAL
|d CARM 1 Store
|e B05688
|f A2:AL01B0
|h Other scheme
|i book
|k 01(1954)-5:03(1958:09),6(1959)-8:02(1961:06),8:04(1961:12)-13(1966)
|m 0259092
|
| 952 |
f |
f |
|p Can circulate
|a CAVAL
|b CAVAL
|c CAVAL
|d CARM 1 Store
|e B05673
|f A2:AL13B0
|h Other scheme
|i book
|k 14(1967)
|m 0259354
|
| 952 |
f |
f |
|p Can circulate
|a CAVAL
|b CAVAL
|c CAVAL
|d CARM 1 Store
|e B05656
|f A2:AL25A0
|h Other scheme
|i book
|k 15(1968)-24(1977)
|m 0259090
|